000 00358nam a2200133Ia 4500
008 151001s9999||||xx |||||||||||||| ||und||
100 _aवालचंद्र नालचंद्र शहा
245 _aछत्रसाल
250 _a2
260 _bसुरस ग्रंथमाला
260 _c1971
300 _a444
365 _b7
999 _c955301
_d955298